Hate : návrh pevnej a spodnej stavby pohyblivej hate /
Saved in:
| Main Authors: | , |
|---|---|
| Format: | Book |
| Language: | Slovak |
| Published: |
Bratislava :
Slovenská vysoká škola technická,
1968.
|
| Edition: | Ďalšie preprac. vyd. |
| ISBN: |
(brož.) |
| Physical Description: |
220 s. |
| Tags: |
Add Tag
No Tags, Be the first to tag this record!
|
Titul je dostupný aj v ... 

MARC
| LEADER | 00000nam a2200000 a 4500 | ||
|---|---|---|---|
| 001 | 000115313 | ||
| 005 | 20101214210639.0 | ||
| 008 | 040101s1968 xo e slood | ||
| 020 | |a (brož.) | ||
| 040 | |a SVKKK |b slo |c SVKKK |e AACR2 | ||
| 041 | 0 | |a slo | |
| 044 | |a xo |c SK | ||
| 100 | 1 | |a Graundtner, Teodor. |4 aut | |
| 245 | 1 | 0 | |a Hate : |b návrh pevnej a spodnej stavby pohyblivej hate / |c Theodor Graundtner, Ján Furda. |
| 250 | |a Ďalšie preprac. vyd. | ||
| 260 | |a Bratislava : |b Slovenská vysoká škola technická, |c 1968. | ||
| 300 | |a 220 s. | ||
| 700 | 1 | |a Furda, Ján |4 aut | |
| 910 | |a svkkk | ||
| 998 | |a BK | ||
| 090 | |g SCKHL |k Sklad Pribinova 3. posch. |a V.71657 |j 416439 |i 2720188133 |s Absenčne | ||